| 000 | 01018nam a2200229Ia 4500 | ||
|---|---|---|---|
| 001 | 271.779-COS nu (14039) | ||
| 003 | IT-MiSPE | ||
| 008 | 171229s9999||||xx |||||||||||||| ||und|| | ||
| 040 |
_aIT-MiSPE _cIT-MiSPE |
||
| 041 | _aITALIANO | ||
| 100 | _aVito Spagnolo | ||
| 245 | 0 |
_aCose nuove, cose antiche _bDal tesoro della nostra storia: Testimoni della Famiglia Paolina |
|
| 250 | _a1a ed. (v) | ||
| 260 | _c2002 (st) | ||
| 300 |
_a124 p. _c21 cm |
||
| 500 | _aFamiglia Paolina | ||
| 501 | _aEdizioni San Paolo srl - Piazza Soncino, 5 - 20092 CINISELLO BALSAMO (MI) (non commercial uses only) ® Copyright 2018 | ||
| 700 | _aVito Spagnolo | ||
| 942 | _cBK | ||
| 957 | _71 | ||
| 999 |
_a416 _bNO _g Copie: 1 _c348052 _d348052 |
||